Statistics for Countries with the most cinemas

Click here to take the quiz!

General Stats

  • This quiz has been taken 32 times
  • The average score is 16 of 20

Answer Stats

cinemasAnswer% Correct
5741France
100%
3114Canada
97%
54164China
97%
11000India
97%
3588Spain
97%
40246United States
97%
3354Italy
93%
4021Russia
93%
4046United Kingdom
93%
2210Australia
90%
3005Brazil
90%
4613Germany
90%
6062Mexico
90%
3074Japan
87%
888Netherlands
77%
800South Africa
63%
557Austria
60%
747Philippines
50%
494Ireland
43%
994Malaysia
43%

Score Distribution

Percentile by Number Answered

Percent of People with Each Score

Your Score History

You have not taken this quiz